000
00226nam a2200097 a 4500
005
20140414132029.0
008
110315s19uu xx 00 eng d
050
_a
TR
_b
P44 1990
245
_a
Disney : Peter Pan.
999
_c
113597
_d
113597